MADE IN INDIA (Record no. 26231)
[ view plain ]
| 000 -LEADER | |
|---|---|
| fixed length control field | 00279nam a22001337a 4500 |
| 003 - CONTROL NUMBER IDENTIFIER | |
| control field | SGT |
| 020 ## - INTERNATIONAL STANDARD BOOK NUMBER | |
| International Standard Book Number | 978-93-5702-068-8 |
| 082 ## - DEWEY DECIMAL CLASSIFICATION NUMBER | |
| Classification number | 954 |
| Item number | KAN |
| 100 ## - MAIN ENTRY--PERSONAL NAME | |
| Personal name | KANT, AMITABH |
| 245 ## - TITLE STATEMENT | |
| Title | MADE IN INDIA |
| 260 ## - PUBLICATION, DISTRIBUTION, ETC. (IMPRINT) | |
| Place of publication, distribution, etc | INDIA |
| Name of publisher, distributor, etc | RUPA PUB. |
| Year of Publication | 2023 |
| 300 ## - PAGE DESCRIPTION | |
| No. of Pages | 224 |
| 942 ## - ADDED ENTRY ELEMENTS (KOHA) | |
| Source of classification or shelving scheme | Dewey Decimal Classification |
| Koha item type | Books |
| 942 ## - ADDED ENTRY ELEMENTS (KOHA) | |
| -- | 1 |
| Withdrawn status | Lost status | Source of classification or shelving scheme | Damaged status | Not for loan | Collection code | Home library | Current library | Date acquired | Cost, normal purchase price | SGTU | Full call number | Accession No. (Barcode) | Date last seen | Bill Date | Koha item type | Total Checkouts | Date last borrowed |
|---|---|---|---|---|---|---|---|---|---|---|---|---|---|---|---|---|---|
| Dewey Decimal Classification | MASS COMMUNICATION | SGT Science & Social Sciences Library | SGT Science & Social Sciences Library | 23/04/2024 | 595.00 | SGTU | 954 KAN | MC1182 | 23/04/2024 | 23/04/2024 | Books | ||||||
| Dewey Decimal Classification | MASS COMMUNICATION | SGT Science & Social Sciences Library | SGT Science & Social Sciences Library | 23/04/2024 | 595.00 | SGTU | 954 KAN | MC1183 | 23/04/2024 | 23/04/2024 | Books | ||||||
| Dewey Decimal Classification | MASS COMMUNICATION | SGT Science & Social Sciences Library | SGT Science & Social Sciences Library | 23/04/2024 | 595.00 | SGTU | 954 KAN | MC1184 | 14/10/2025 | 23/04/2024 | Books | 2 | 30/09/2025 | ||||
| Dewey Decimal Classification | MASS COMMUNICATION | SGT Science & Social Sciences Library | SGT Science & Social Sciences Library | 23/04/2024 | 595.00 | SGTU | 954 KAN | MC1185 | 21/10/2024 | 23/04/2024 | Books | 1 | 18/09/2024 | ||||
| Dewey Decimal Classification | MASS COMMUNICATION | SGT Science & Social Sciences Library | SGT Science & Social Sciences Library | 23/04/2024 | 595.00 | SGTU | 954 KAN | MC1186 | 15/12/2025 | 23/04/2024 | Books | 1 | 09/09/2025 |